000 00661nam a2200241Ia 4500
003 OSt
005 20220924122756.0
006 a|||||r|||| 00| 0
007 ta
008 220923b |||||||| |||| 00| 0 urd d
024 _a321688
037 _cTextual
040 _aARTS
_cARTS
_burd
041 _2urd
_aurd
082 _aQ7:33, 168J4
100 _aShaheed Ghulam Imam Au.
_9190689
245 0 _aMaulud Shareef Shaheed
260 _aLucknow
_bMunshi Nawal Kishore India
_c1954
650 _a PROPHETS
_94238
650 _aISLAM
_9577
942 _hQ7:33, 168J4
_cTEXL
_2CC
999 _c413026
_d413026